[Event "Kalamaria op 3rd"]
[Site "Kalamaria"]
[Date "2006.09.06"]
[Round "9"]
[White "Ketzetzis, Georgios"]
[Black "Exizoglou, Dimitrios"]
[Result "0-1"]
[WhiteElo "1994"]
[BlackElo "2187"]
[PlyCount "76"]
[EventDate "2006.08.30"]
[EventType "swiss"]
[EventRounds "9"]
[EventCountry "GRE"]
[SourceTitle "EXT 2007"]
[Source "ChessBase"]
[SourceDate "2006.11.23"]
[SourceVersion "1"]
[SourceVersionDate "2006.11.23"]
[SourceQuality "1"]

1. e4 c5 2. Nf3 e6 3. c4 Nc6 4. Nc3 a6 5. Be2 Nf6 6. 0-0 Be7 7. d4 cxd4 8. Nxd4 Qc7 9. Be3 0-0 10. Rc1 Nxd4 11. Qxd4 d6 12. Na4 Bd7 13. Nb6 Rad8 14. Rfd1 Bc6 15. Nd5 Qd7 16. Nb6 Qe8 17. f3 h6 18. b4 d5 19. cxd5 exd5 20. e5 Nh7 21. Qg4 f5 22. Qd4 Rf7 23. Bd3 Nf8 24. Qc3 Ne6 25. Bxa6 d4 26. Qb3 dxe3 27. Bc4 e2 28. Re1 Nd4 29. Qb2 Kh8 30. Bxf7 Qxf7 31. Rc3 Qg6 32. Rxe2 Nxe2+ 33. Qxe2 Bxb4 34. Rc1 Rd2 35. Qf1 Bb5 36. Nc4 Bc5+ 37. Kh1 Rf2 38. Qg1 Rc2 0-1

[Event "Litohoro Summer Cup"]
[Site "Litohoro"]
[Date "2006.07.30"]
[Round "9"]
[White "Exizoglou, Dimitrios"]
[Black "Shavtvaladze, Nikoloz"]
[Result "1/2-1/2"]
[WhiteElo "2187"]
[BlackElo "2383"]
[PlyCount "60"]
[EventDate "2006.07.22"]
[EventType "swiss"]
[EventRounds "9"]
[EventCountry "GRE"]
[SourceTitle "CBM 113 Extra"]
[Source "ChessBase"]
[SourceDate "2006.09.14"]
[SourceVersion "1"]
[SourceVersionDate "2006.09.14"]
[SourceQuality "1"]

1. e4 c5 2. Nf3 Nc6 3. d4 cxd4 4. Nxd4 Nf6 5. Nc3 d6 6. Bg5 e6 7. Qd2 h6 8. Bxf6 gxf6 9. 0-0-0 a6 10. Kb1 Bd7 11. Be2 Qa5 12. f4 h5 13. Rhe1 0-0-0 14. Nb3 Qc7 15. Rf1 Kb8 16. f5 Be7 17. Qe3 Ne5 18. Qh3 Rdg8 19. Nd4 Ng4 20. Rd3 Qb6 21. Qh4 Ne5 22. Rdd1 Rc8 23. Qh3 Nc4 24. Bxc4 Rxc4 25. Qd3 Rhc8 26. Ka1 Rb4 27. Rf3 a5 28. b3 Qc5 29. a4 Rb6 30. Kb1 Qb4 1/2-1/2